Normal view
MARC view
Entry Topical Term
001 - CONTROL NUMBER
- control field: 5006
003 - CONTROL NUMBER IDENTIFIER
- control field: OSt
005 - DATE AND TIME OF LATEST TRANSACTION
- control field: 20150527162451.0
008 - FIXED-LENGTH DATA ELEMENTS
- fixed length control field: 150527|| aca||aabn | a|a d
040 ## - CATALOGING SOURCE
- Original cataloging agency: OSt
- Transcribing agency: OSt
150 ## - HEADING--TOPICAL TERM
- Topical term or geographic name entry element: Ganda (African people)
- General subdivision: Kings and rulers
- General subdivision: Biography.
670 ## - SOURCE DATA FOUND
- Source citation: Work cat.: (OSt)1904: Twaddle, Michael. 5004, Kakungulu & the creation of Uganda, 1868-1928 /, 1993.
